000 00389nam a2200169Ia 4500
001 15332
003 IN-NITTTR
005 20251114233144.0
008 251113s9999||||xx |||||||||||||| ||eng||
040 _beng
040 _cIN-NITTTR
041 _aeng
082 _a823 T911A
100 _aTwain, Mark
245 4 _aThe adventures of Huckleberry Finn. /
_cTwain, Mark
942 _2ddc
_cBK
999 _c17966
_d17966